[Event "3. Magistral Regina Helena Marques Prol"]
[Site "Santos BRA"]
[Date "2005.09.29"]
[Round "5.5"]
[White "Assumpcao, Roberto"]
[Black "Mekhitarian, Krikor Sevag"]
[Result "1/2-1/2"]
[WhiteElo "2361"]
[BlackElo "2218"]
[PlyCount "177"]
[EventDate "2005.09.26"]
[EventType "tourn"]
[EventRounds "9"]
[EventCountry "BRA"]
[EventCategory "4"]
[Source "lmi"]
[SourceDate "2005.10.02"]

1. d4 Nf6 2. c4 e6 3. Nc3 Bb4 4. e3 O-O 5. Nge2 d5 6. a3 Be7 7. cxd5 exd5 8.
Nf4 c6 9. Bd3 Nbd7 10. O-O Re8 11. b4 b5 12. a4 Bxb4 13. Na2 Bd6 14. axb5 Bb7
15. bxc6 Bxc6 16. Nc3 Nb6 17. Ba3 Bxa3 18. Rxa3 Qd6 19. Ra6 Bb7 20. Nb5 Qb8 21.
Ra2 a6 22. Nc3 Qd6 23. Qb3 Reb8 24. Qa3 Qxa3 25. Rxa3 g5 26. Nfe2 Nc4 27. Ra2
Bc8 28. Nxd5 Nxd5 29. Bxc4 Nb6 30. Bd3 a5 31. Rb1 Be6 32. Raa1 Bc4 33. Nc1 Bxd3
34. Nxd3 a4 35. h4 gxh4 36. Rb4 a3 37. Ra2 Kg7 38. Kh2 Kg6 39. Kh3 f6 40. Kxh4
Kf5 41. Nc5 Nd7 42. g4+ Kg6 43. Rxb8 Nxb8 44. d5 Ra5 45. Nd3 Nd7 46. e4 Ne5 47.
Nxe5+ fxe5 48. g5 Ra4 49. f3 h6 50. gxh6 Kxh6 51. d6 Rd4 52. Rxa3 Rxd6 53. Ra5
Re6 54. Kg4 Kg6 55. Rb5 Kf6 56. Rb1 Kg6 57. Rb8 Kf7 58. Kf5 Rf6+ 59. Kxe5 Rxf3
60. Rb7+ Kf8 61. Ke6 Ra3 62. Rb8+ Kg7 63. Rd8 Ra6+ 64. Rd6 Ra8 65. Ke7 Ra7+ 66.
Rd7 Ra5 67. Ke6+ Kg6 68. e5 Ra6+ 69. Rd6 Ra7 70. Rb6 Kg7 71. Kd6 Kf8 72. Rb8+
Kg7 73. Rd8 Ra6+ 74. Ke7 Ra7+ 75. Rd7 Ra8 76. e6 Kg6 77. Rc7 Kg7 78. Rb7 Kg6
79. Rd7 Kg7 80. Rd8 Ra7+ 81. Kd6 Ra6+ 82. Ke5 Ra5+ 83. Rd5 Ra1 84. Rd7+ Kf8 85.
Rc7 Ke8 86. Rc5 Re1+ 87. Kd6 Rd1+ 88. Rd5 Rxd5+ 89. Kxd5 1/2-1/2

[Event "3. Magistral Regina Helena Marques Prol"]
[Site "Santos BRA"]
[Date "2005.09.29"]
[Round "6.1"]
[White "Bachmann Schiavo, Axel"]
[Black "Mekhitarian, Krikor Sevag"]
[Result "1-0"]
[WhiteElo "2410"]
[BlackElo "2218"]
[PlyCount "127"]
[EventDate "2005.09.26"]
[EventType "tourn"]
[EventRounds "9"]
[EventCountry "BRA"]
[EventCategory "4"]
[Source "lmi"]
[SourceDate "2005.10.02"]

1. e4 c5 2. Nf3 d6 3. d4 cxd4 4. Qxd4 Nc6 5. Bb5 Bd7 6. Bxc6 Bxc6 7. Nc3 Nf6 8.
Bg5 Qb6 9. Bxf6 gxf6 10. O-O-O Qxd4 11. Nxd4 Rg8 12. g3 O-O-O 13. Rhe1 e6 14.
Rd3 a6 15. Kb1 d5 16. e5 fxe5 17. Rxe5 Rg6 18. f4 Rh6 19. Re2 Bd6 20. Nd1 Kd7
21. Ne3 Rg6 22. c4 Bc5 23. cxd5 exd5 24. Nb3 Bxe3 25. Rdxe3 Kd6 26. Nd4 Bd7 27.
Re5 Kc5 28. Rd2 Bg4 29. Nb3+ Kc6 30. Na5+ Kb6 31. Rexd5 Rxd5 32. Rxd5 Rh6 33.
Nc4+ Kc6 34. Rd2 Kc5 35. b3 Re6 36. Kb2 f6 37. Kc3 Re1 38. b4+ Kb5 39. Rd5+ Kc6
40. Rd6+ Kc7 41. Rxf6 Be6 42. a3 Bd5 43. Ne5 Ra1 44. Kd4 Rd1+ 45. Nd3 Bc6 46.
Kc3 Ra1 47. Kb2 Rd1 48. Kc3 Ra1 49. Rf7+ Kb6 50. Rxh7 Rxa3+ 51. Kd4 Rb3 52. Kc4
Rb1 53. Kc3 Be4 54. Rh6+ Kb5 55. Rh5+ Kb6 56. Nc5 Bc6 57. Nb3 Be4 58. Re5 Bg2
59. f5 Rf1 60. Nd2 Rf2 61. Nc4+ Kc7 62. Ne3 Bh3 63. g4 Rf4 64. Nd5+ 1-0

[Event "3. Magistral Regina Helena Marques Prol"]
[Site "Santos BRA"]
[Date "2005.09.29"]
[Round "6.2"]
[White "El Debs, Felipe"]
[Black "Assumpcao, Roberto"]
[Result "1-0"]
[WhiteElo "2341"]
[BlackElo "2361"]
[PlyCount "65"]
[EventDate "2005.09.26"]
[EventType "tourn"]
[EventRounds "9"]
[EventCountry "BRA"]
[EventCategory "4"]
[Source "lmi"]
[SourceDate "2005.10.02"]

1. e4 e6 2. d4 d5 3. exd5 exd5 4. c4 Bb4+ 5. Nc3 Ne7 6. a3 Bxc3+ 7. bxc3 O-O 8.
Bd3 dxc4 9. Bxc4 b5 10. Bxb5 Qd5 11. Be2 Re8 12. Nf3 Bb7 13. O-O Ng6 14. Rb1
Bc6 15. c4 Qd7 16. d5 Ba4 17. Qd3 Na6 18. Be3 Nc5 19. Qd4 Nb3 20. Qc3 Nc5 21.
Rb2 Ne4 22. Qa5 c5 23. Rfb1 Nd6 24. g3 Rac8 25. Bxc5 Rxe2 26. Rxe2 Qf5 27. Rbe1
Nf4 28. Re3 Nh3+ 29. Kg2 Nxc4 30. Qxa4 Nxe3+ 31. Bxe3 g5 32. Bxg5 Qxd5 33. Qg4
1-0

[Event "3. Magistral Regina Helena Marques Prol"]
[Site "Santos BRA"]
[Date "2005.09.29"]
[Round "6.3"]
[White "Crosa, Martin"]
[Black "Lafuente, Pablo"]
[Result "1-0"]
[WhiteElo "2415"]
[BlackElo "2435"]
[PlyCount "53"]
[EventDate "2005.09.26"]
[EventType "tourn"]
[EventRounds "9"]
[EventCountry "BRA"]
[EventCategory "4"]
[Source "lmi"]
[SourceDate "2005.10.02"]

1. e4 c5 2. c3 d5 3. exd5 Qxd5 4. d4 Nf6 5. Nf3 e6 6. Bd3 cxd4 7. cxd4 Nc6 8.
Nc3 Qd6 9. O-O a6 10. a3 Be7 11. Bc2 O-O 12. Qd3 Rd8 13. Rd1 g6 14. Bg5 b5 15.
b4 Bb7 16. Bb3 Nb8 17. Ne5 Nbd7 18. Qe3 Rac8 19. Rac1 Nxe5 20. dxe5 Qc6 21. Qh3
Ne4 22. Nxe4 Qxe4 23. Bxe7 Rxc1 24. Rxc1 Rd3 25. Bc2 Qc6 26. f3 Qc3 27. Qh6 1-0

[Event "3. Magistral Regina Helena Marques Prol"]
[Site "Santos BRA"]
[Date "2005.09.29"]
[Round "6.4"]
[White "Tsuboi, Edson"]
[Black "Santos, Marcus Vinicius M"]
[Result "1/2-1/2"]
[WhiteElo "2345"]
[BlackElo "2353"]
[PlyCount "58"]
[EventDate "2005.09.26"]
[EventType "tourn"]
[EventRounds "9"]
[EventCountry "BRA"]
[EventCategory "4"]
[Source "lmi"]
[SourceDate "2005.10.02"]

1. e4 e5 2. Nf3 Nc6 3. Bb5 a6 4. Ba4 Nf6 5. O-O Be7 6. Re1 b5 7. Bb3 O-O 8. h3
Bb7 9. d3 Re8 10. Nc3 Bb4 11. Bd2 Na5 12. Nd5 Nxb3 13. Nxf6+ Qxf6 14. axb3 Bxd2
15. Qxd2 d5 16. Nh2 dxe4 17. dxe4 Rad8 18. Qe2 Rd4 19. f3 Red8 20. Nf1 Qd6 21.
Qf2 f6 22. c3 Rd3 23. b4 Qe6 24. Re3 R3d6 25. Re2 Rd1 26. Rxd1 Rxd1 27. Rd2
Rxd2 28. Qxd2 Qd6 29. Kf2 Kf7 1/2-1/2

[Event "3. Magistral Regina Helena Marques Prol"]
[Site "Santos BRA"]
[Date "2005.09.29"]
[Round "6.5"]
[White "Sega, Carlos Alberto"]
[Black "Lebredo, Gerardo"]
[Result "1-0"]
[WhiteElo "2300"]
[BlackElo "2300"]
[PlyCount "79"]
[EventDate "2005.09.26"]
[EventType "tourn"]
[EventRounds "9"]
[EventCountry "BRA"]
[EventCategory "4"]
[Source "lmi"]
[SourceDate "2005.10.02"]

1. c4 e6 2. g3 f5 3. Bg2 Nf6 4. Nf3 Be7 5. O-O O-O 6. Nc3 d5 7. d4 c6 8. Bg5
Ne4 9. Bxe7 Qxe7 10. Ne5 Nd7 11. Nxd7 Bxd7 12. Rc1 Be8 13. Nxe4 fxe4 14. Qd2
Rd8 15. Qe3 Bg6 16. f3 e5 17. cxd5 exd4 18. Qxd4 Rxd5 19. Qe3 Re8 20. f4 Qd7
21. Rc2 a6 22. Rc5 Kh8 23. Rxd5 Qxd5 24. g4 Bf7 25. f5 c5 26. g5 Qd4 27. Qxd4
cxd4 28. Rd1 Re5 29. Rxd4 Rxf5 30. h4 Bxa2 31. Rd8+ Bg8 32. Bxe4 Rb5 33. Bd3
Rb4 34. h5 Rg4+ 35. Kf2 b5 36. g6 hxg6 37. hxg6 Rb4 38. Kf3 Rxb2 39. Bf5 Rb3+
40. e3 1-0

[Event "3. Magistral Regina Helena Marques Prol"]
[Site "Santos BRA"]
[Date "2005.09.30"]
[Round "7.1"]
[White "Lebredo, Gerardo"]
[Black "Bachmann Schiavo, Axel"]
[Result "0-1"]
[WhiteElo "2300"]
[BlackElo "2410"]
[PlyCount "137"]
[EventDate "2005.09.26"]
[EventType "tourn"]
[EventRounds "9"]
[EventCountry "BRA"]
[EventCategory "4"]
[Source "lmi"]
[SourceDate "2005.10.02"]

1. Nf3 g6 2. d4 Bg7 3. e4 d6 4. Be2 Nf6 5. Nc3 O-O 6. Bf4 Bg4 7. h3 Bxf3 8.
Bxf3 Nc6 9. d5 Nb8 10. O-O c6 11. a4 a5 12. Ra3 Nfd7 13. Qd2 Na6 14. Bh6 Bxh6
15. Qxh6 Nac5 16. Bg4 Ne5 17. Be2 Qb6 18. Qe3 Qxb2 19. Ra2 Qb6 20. f4 Ned7 21.
Rb1 Qc7 22. h4 Na6 23. Bxa6 Rxa6 24. Rab2 Nc5 25. f5 Qd7 26. Rf1 Raa8 27. h5
gxf5 28. exf5 Kh8 29. Rbb1 Rg8 30. Rbe1 Rae8 31. Qd4+ f6 32. Rf4 Rg5 33. g4
Reg8 34. Kf2 h6 35. Kf3 R5g7 36. Re2 Kh7 37. Re1 Rc8 38. Re2 Kg8 39. Kf2 Kh7
40. Kf3 b5 41. dxc6 Qxc6+ 42. Qd5 Qxd5+ 43. Nxd5 Nxa4 44. Nxe7 Rc3+ 45. Kf2 Nb6
46. Ng6 Rgc7 47. Re8 Rxc2+ 48. Kf1 Kg7 49. Rfe4 Nd5 50. Rd4 Rh2 51. Rxd5 Rc1+
52. Re1 Rh1+ 53. Kf2 Rhxe1 54. Rxb5 a4 55. Rb7+ Kg8 56. Rb8+ Kg7 57. Ra8 Re4
58. Nf8 Kf7 59. Ne6 Rc2+ 60. Kf3 Rec4 61. Ra7+ Ke8 62. g5 hxg5 63. h6 Rh4 64.
Ra8+ Kd7 65. Ra7+ Kc8 66. h7 Rch2 67. Nf8 a3 68. Ne6 Rxh7 69. Rxa3 0-1

[Event "3. Magistral Regina Helena Marques Prol"]
[Site "Santos BRA"]
[Date "2005.09.30"]
[Round "7.2"]
[White "Santos, Marcus Vinicius M"]
[Black "Sega, Carlos Alberto"]
[Result "1-0"]
[WhiteElo "2353"]
[BlackElo "2300"]
[PlyCount "47"]
[EventDate "2005.09.26"]
[EventType "tourn"]
[EventRounds "9"]
[EventCountry "BRA"]
[EventCategory "4"]
[Source "lmi"]
[SourceDate "2005.10.02"]

1. d4 Nf6 2. c4 e6 3. Nc3 Bb4 4. e3 c5 5. a3 Bxc3+ 6. bxc3 O-O 7. Bd3 Nc6 8.
Ne2 b6 9. e4 Ne8 10. O-O Ba6 11. f4 f5 12. d5 Na5 13. e5 Bxc4 14. Bxc4 Nxc4 15.
d6 b5 16. a4 a6 17. Qd3 Qc8 18. axb5 axb5 19. Be3 Rb8 20. Nc1 Qc6 21. Nb3 Nb2
22. Qc2 Na4 23. c4 bxc4 24. Na5 1-0

[Event "3. Magistral Regina Helena Marques Prol"]
[Site "Santos BRA"]
[Date "2005.09.30"]
[Round "7.3"]
[White "Lafuente, Pablo"]
[Black "Tsuboi, Edson"]
[Result "1-0"]
[WhiteElo "2435"]
[BlackElo "2345"]
[PlyCount "85"]
[EventDate "2005.09.26"]
[EventType "tourn"]
[EventRounds "9"]
[EventCountry "BRA"]
[EventCategory "4"]
[Source "lmi"]
[SourceDate "2005.10.02"]

1. d4 Nf6 2. c4 e6 3. g3 d5 4. Nf3 Be7 5. Bg2 O-O 6. O-O dxc4 7. Qc2 a6 8. Qxc4
b5 9. Qc2 Bb7 10. Bd2 Be4 11. Qc1 Nbd7 12. Ba5 Ra7 13. Nbd2 Bd5 14. Nb3 Qa8 15.
Qe3 Rc8 16. Rfc1 h6 17. Rc2 Be4 18. Ne1 Bxg2 19. Nxg2 Nd5 20. Qc1 Nb4 21. Bxb4
Bxb4 22. Qe3 a5 23. Nf4 a4 24. Nc5 Bxc5 25. dxc5 c6 26. Rd1 Nf6 27. Rcd2 Qb8
28. Qf3 Qe5 29. Rd8+ Rxd8 30. Rxd8+ Kh7 31. Nd3 Qc7 32. Rd6 Ne8 33. Rxc6 Qe7
34. Rb6 Nc7 35. Qe4+ g6 36. Qe5 f6 37. Qd6 Qf7 38. c6 Ne8 39. Qd8 Re7 40. Rb7
Nc7 41. Nb4 f5 42. Na6 Nd5 43. c7 1-0

[Event "3. Magistral Regina Helena Marques Prol"]
[Site "Santos BRA"]
[Date "2005.09.30"]
[Round "7.4"]
[White "Assumpcao, Roberto"]
[Black "Crosa, Martin"]
[Result "1-0"]
[WhiteElo "2361"]
[BlackElo "2415"]
[PlyCount "83"]
[EventDate "2005.09.26"]
[EventType "tourn"]
[EventRounds "9"]
[EventCountry "BRA"]
[EventCategory "4"]
[Source "lmi"]
[SourceDate "2005.10.02"]

1. d4 Nf6 2. c4 g6 3. Nc3 Bg7 4. e4 d6 5. f3 O-O 6. Be3 e5 7. Nge2 c6 8. Qd2
Nbd7 9. O-O-O a6 10. g4 h5 11. h4 b5 12. Ng3 exd4 13. Bxd4 b4 14. Na4 c5 15.
Be3 Qa5 16. b3 Ne5 17. Qxd6 Nxf3 18. gxh5 Bg4 19. Qxc5 Qxc5 20. Bxc5 Bh6+ 21.
Kc2 Rfe8 22. hxg6 Bf4 23. gxf7+ Kxf7 24. Ne2 Bh6 25. Bh3 Rxe4 26. Ng3 Bxh3 27.
Rxh3 Rxh4 28. Rxh4 Nxh4 29. Rf1 Kg6 30. Bxb4 Ng2 31. Rg1 Ne3+ 32. Kb1 Kf7 33.
Bd2 Rg8 34. Ne2 Rd8 35. Bc1 Ne4 36. Re1 Nd2+ 37. Bxd2 Rxd2 38. Nec3 Rd3 39. c5
Ke6 40. Rg1 Bf4 41. c6 Be5 42. Nc5+ 1-0

[Event "3. Magistral Regina Helena Marques Prol"]
[Site "Santos BRA"]
[Date "2005.09.30"]
[Round "7.5"]
[White "Mekhitarian, Krikor Sevag"]
[Black "El Debs, Felipe"]
[Result "1-0"]
[WhiteElo "2218"]
[BlackElo "2341"]
[PlyCount "121"]
[EventDate "2005.09.26"]
[EventType "tourn"]
[EventRounds "9"]
[EventCountry "BRA"]
[EventCategory "4"]
[Source "lmi"]
[SourceDate "2005.10.02"]

1. e4 e5 2. Nf3 Nf6 3. Nxe5 d6 4. Nxf7 Kxf7 5. d4 c5 6. Bc4+ d5 7. exd5 Bd6 8.
O-O cxd4 9. Qxd4 Re8 10. Nc3 Bf5 11. Bf4 Ne4 12. Rae1 Bxf4 13. Nxe4 Bxh2+ 14.
Kxh2 Qh4+ 15. Kg1 Rxe4 16. d6+ Kg6 17. Bf7+ Kxf7 18. Qd5+ Kg6 19. Qxb7 Nd7 20.
Qxa8 Nf6 21. Rxe4 Bxe4 22. Qc8 Qf4 23. Qh3 Qxd6 24. Qg3+ Qxg3 25. fxg3 Bxc2 26.
Rf3 a5 27. Rc3 Bd1 28. Kf1 Ne4 29. Rc6+ Kf5 30. Ke1 Bh5 31. Ra6 Nxg3 32. Rxa5+
Kf4 33. b4 Bg6 34. Ra7 Ke5 35. Rxg7 Kd4 36. Rc7 Kd5 37. Rc1 Be8 38. Kf2 Nf5 39.
Rh1 Bg6 40. a4 Kc6 41. Rc1+ Kb7 42. Rc4 Nd6 43. Rh4 Ne4+ 44. Ke3 Nc3 45. b5 Kb6
46. Rc4 Nd1+ 47. Kd4 Be8 48. Rc2 Ka5 49. g4 Bd7 50. g5 Kb6 51. Ra2 Ka5 52. Rd2
Bg4 53. Rg2 Bd7 54. Rh2 Bf5 55. Rd2 Bg4 56. Rc2 Kb6 57. Rc6+ Kb7 58. a5 Be2 59.
Rh6 Kb8 60. b6 Nb2 61. Rh2 1-0

[Event "3. Magistral Regina Helena Marques Prol"]
[Site "Santos BRA"]
[Date "2005.10.01"]
[Round "8.1"]
[White "Bachmann Schiavo, Axel"]
[Black "El Debs, Felipe"]
[Result "1-0"]
[WhiteElo "2410"]
[BlackElo "2341"]
[PlyCount "107"]
[EventDate "2005.09.26"]
[EventType "tourn"]
[EventRounds "9"]
[EventCountry "BRA"]
[EventCategory "4"]
[Source "lmi"]
[SourceDate "2005.10.02"]

1. c4 e5 2. g3 Nc6 3. Bg2 g6 4. Nc3 Bg7 5. d3 d6 6. Rb1 f5 7. e3 Nf6 8. Nge2
O-O 9. O-O Be6 10. Nd5 Bf7 11. Nec3 Nxd5 12. Nxd5 Rb8 13. b4 Ne7 14. b5 Nxd5
15. cxd5 Qd7 16. Bd2 h5 17. Qa4 Bf6 18. Qxa7 b6 19. Rfc1 Rfc8 20. Qa4 Ra8 21.
Qc4 Ra7 22. a4 Rca8 23. Rb4 Kg7 24. Qc2 Rf8 25. Rc4 Rc8 26. Bb4 Bd8 27. f4 Rca8
28. Bc3 Bf6 29. Bb2 Rc8 30. Rc6 Qe8 31. e4 fxe4 32. dxe4 g5 33. Rf1 Bg6 34.
fxg5 Bxg5 35. Bc1 Qe7 36. a5 Be8 37. axb6 Bxc6 38. bxa7 Bxc1 39. Rxc1 Bxb5 40.
Rb1 c6 41. Ra1 Ra8 42. Qa2 Qb7 43. Qa5 Bd3 44. Qa3 Qb6+ 45. Kh1 Qd4 46. dxc6
Bxe4 47. c7 Rf8 48. Qa2 Bxg2+ 49. Kxg2 Qe4+ 50. Kg1 Qd4+ 51. Kh1 Ra8 52. c8=Q
Qe4+ 53. Qg2 Rxa7 54. Qxe4 1-0

[Event "3. Magistral Regina Helena Marques Prol"]
[Site "Santos BRA"]
[Date "2005.10.01"]
[Round "8.2"]
[White "Crosa, Martin"]
[Black "Mekhitarian, Krikor Sevag"]
[Result "1/2-1/2"]
[WhiteElo "2415"]
[BlackElo "2218"]
[PlyCount "21"]
[EventDate "2005.09.26"]
[EventType "tourn"]
[EventRounds "9"]
[EventCountry "BRA"]
[EventCategory "4"]
[Source "lmi"]
[SourceDate "2005.10.02"]

1. e4 c5 2. Nf3 d6 3. Nc3 Nf6 4. d4 cxd4 5. Nxd4 a6 6. Be2 e5 7. Nf3 h6 8. O-O
Be7 9. Re1 Be6 10. Bf1 O-O 11. h3 1/2-1/2

[Event "3. Magistral Regina Helena Marques Prol"]
[Site "Santos BRA"]
[Date "2005.10.01"]
[Round "8.3"]
[White "Tsuboi, Edson"]
[Black "Assumpcao, Roberto"]
[Result "0-1"]
[WhiteElo "2345"]
[BlackElo "2361"]
[PlyCount "156"]
[EventDate "2005.09.26"]
[EventType "tourn"]
[EventRounds "9"]
[EventCountry "BRA"]
[EventCategory "4"]
[Source "lmi"]
[SourceDate "2005.10.02"]

1. e4 e6 2. d4 d5 3. Nd2 Be7 4. Bd3 c5 5. dxc5 Nf6 6. Qe2 Nc6 7. Ngf3 O-O 8. e5
Nd7 9. O-O Nxc5 10. Nb3 Nxd3 11. cxd3 b6 12. Nbd4 Nxd4 13. Nxd4 Qd7 14. Be3 f5
15. f4 Ba6 16. Rac1 Rac8 17. a3 g6 18. h3 Bc5 19. Rc3 Bxd4 20. Bxd4 Qa4 21. Qe3
Rxc3 22. Bxc3 Rd8 23. Bd4 Qb3 24. Rf3 Bb7 25. Kh2 Rc8 26. Qf2 Qa4 27. Qe3 Qd1
28. Qf2 Ba6 29. Qh4 Re8 30. Qg3 Qa4 31. Qf2 Rc8 32. Qe3 Bb5 33. Qf2 Bc6 34. Qe3
b5 35. Rf1 Bb7 36. Rf2 a5 37. Bc5 Qb3 38. Qd4 Qd1 39. Bd6 Qc1 40. Qb6 Qc6 41.
Qxc6 Rxc6 42. d4 Rc4 43. Rd2 Kf7 44. Rd3 Ba6 45. Bc5 b4 46. Rb3 Rc2 47. axb4 a4
48. Ra3 Bb5 49. b3 Rc3 50. Rxa4 Bxa4 51. bxa4 Ra3 52. a5 Ke8 53. Kg1 Kd7 54.
Kf2 Ra2+ 55. Kf3 Kc6 56. Ke3 Kb5 57. Kf3 Kc4 58. Kg3 h6 59. h4 Ra3+ 60. Kf2 h5
61. Ke2 Ra2+ 62. Kf3 Kd3 63. Bb6 Ra4 64. Bc5 Ra3 65. g3 Ra2 66. Bb6 Ra4 67. Bc5
Ra3 68. Kf2 Ke4 69. Kg2 Ra2+ 70. Kh3 Kf3 71. Bb6 Rb2 72. Bc5 Ra2 73. Bb6 Ra1
74. Kh2 Kg4 75. Kg2 Ra2+ 76. Kf1 Kxg3 77. Ke1 Kxf4 78. Kd1 Ke3 0-1

[Event "3. Magistral Regina Helena Marques Prol"]
[Site "Santos BRA"]
[Date "2005.10.01"]
[Round "8.4"]
[White "Sega, Carlos Alberto"]
[Black "Lafuente, Pablo"]
[Result "0-1"]
[WhiteElo "2300"]
[BlackElo "2435"]
[PlyCount "84"]
[EventDate "2005.09.26"]
[EventType "tourn"]
[EventRounds "9"]
[EventCountry "BRA"]
[EventCategory "4"]
[Source "lmi"]
[SourceDate "2005.10.02"]

1. c4 e5 2. Nc3 Nf6 3. Nf3 Nc6 4. g3 Nd4 5. Bg2 Nxf3+ 6. Bxf3 Bb4 7. O-O O-O 8.
Nd5 Bc5 9. b4 Bd4 10. Rb1 Nxd5 11. cxd5 d6 12. e3 Bb6 13. Bg2 a5 14. b5 a4 15.
f4 Bf5 16. d3 Re8 17. Kh1 exf4 18. e4 Bd7 19. Rxf4 Bd4 20. Bb2 Bxb2 21. Rxb2
Ra5 22. Qh5 Rf8 23. e5 dxe5 24. Rh4 h6 25. b6 cxb6 26. Qxe5 Re8 27. Qc3 Rc5 28.
Rc4 Qc7 29. Kg1 Rc8 30. Rxc5 bxc5 31. d6 Qxd6 32. Rxb7 Bf5 33. Bf1 Be6 34. a3
c4 35. d4 Rb8 36. Rxb8+ Qxb8 37. Qa5 Qd6 38. Qa8+ Kh7 39. Qe4+ g6 40. Qe3 Qb6
41. Qe5 Qb2 42. Qe4 Qd2 0-1

[Event "3. Magistral Regina Helena Marques Prol"]
[Site "Santos BRA"]
[Date "2005.10.01"]
[Round "8.5"]
[White "Lebredo, Gerardo"]
[Black "Santos, Marcus Vinicius M"]
[Result "0-1"]
[WhiteElo "2300"]
[BlackElo "2353"]
[PlyCount "43"]
[EventDate "2005.09.26"]
[EventType "tourn"]
[EventRounds "9"]
[EventCountry "BRA"]
[EventCategory "4"]
[Source "lmi"]
[SourceDate "2005.10.02"]

1. Nf3 d5 2. e3 Nf6 3. c4 g6 4. b4 Bg7 5. Bb2 c6 6. Na3 O-O 7. Be2 Bg4 8. O-O
e6 9. Nd4 Bxe2 10. Qxe2 Nfd7 11. Rab1 Qe7 12. b5 e5 13. Ndc2 Nb6 14. bxc6 bxc6
15. Bc3 Rc8 16. Rb3 N8d7 17. d4 exd4 18. Bxd4 Nc5 19. Bxc5 Qxc5 20. Nb4 dxc4
21. Rc1 a5 22. Kf1 0-1

[Event "3. Magistral Regina Helena Marques Prol"]
[Site "Santos BRA"]
[Date "2005.10.02"]
[Round "9.2"]
[White "Lafuente, Pablo"]
[Black "Lebredo, Gerardo"]
[Result "1/2-1/2"]
[WhiteElo "2435"]
[BlackElo "2300"]
[PlyCount "33"]
[EventDate "2005.09.26"]
[EventType "tourn"]
[EventRounds "9"]
[EventCountry "BRA"]
[EventCategory "4"]
[Source "lmi"]
[SourceDate "2005.10.02"]

1. d4 Nf6 2. c4 e6 3. g3 Bb4+ 4. Bd2 a5 5. Nf3 d5 6. Qc2 Nc6 7. Bg2 dxc4 8.
Qxc4 Qd5 9. Qd3 O-O 10. O-O Rd8 11. Nc3 Qh5 12. Bg5 Be7 13. Qb5 a4 14. Bxf6
Qxb5 15. Nxb5 Bxf6 16. e3 Ra5 17. Na3 1/2-1/2

[Event "3. Magistral Regina Helena Marques Prol"]
[Site "Santos BRA"]
[Date "2005.10.02"]
[Round "9.3"]
[White "Assumpcao, Roberto"]
[Black "Sega, Carlos Alberto"]
[Result "1-0"]
[WhiteElo "2361"]
[BlackElo "2300"]
[PlyCount "39"]
[EventDate "2005.09.26"]
[EventType "tourn"]
[EventRounds "9"]
[EventCountry "BRA"]
[EventCategory "4"]
[Source "lmi"]
[SourceDate "2005.10.02"]

1. d4 Nf6 2. c4 e6 3. Nc3 Bb4 4. e3 c5 5. Bd3 O-O 6. Nge2 cxd4 7. exd4 d5 8.
O-O dxc4 9. Bxc4 Nc6 10. Bf4 a6 11. a3 Be7 12. Rc1 b5 13. Ba2 Bb7 14. d5 exd5
15. Nxd5 Nxd5 16. Bxd5 Rc8 17. Ng3 Bg5 18. Bxg5 Qxg5 19. Ne4 Qg6 20. Nd6 1-0

[Event "3. Magistral Regina Helena Marques Prol"]
[Site "Santos BRA"]
[Date "2005.10.02"]
[Round "9.4"]
[White "Mekhitarian, Krikor Sevag"]
[Black "Tsuboi, Edson"]
[Result "1-0"]
[WhiteElo "2218"]
[BlackElo "2345"]
[PlyCount "77"]
[EventDate "2005.09.26"]
[EventType "tourn"]
[EventRounds "9"]
[EventCountry "BRA"]
[EventCategory "4"]
[Source "lmi"]
[SourceDate "2005.10.02"]

1. e4 d5 2. exd5 Qxd5 3. Nc3 Qa5 4. d4 Nf6 5. Nf3 Bg4 6. h3 Bxf3 7. Qxf3 c6 8.
Bd3 e6 9. O-O Nbd7 10. Bd2 Qc7 11. Rfe1 Be7 12. Rad1 O-O 13. g4 Bd6 14. h4 Rae8
15. a3 a6 16. Kh1 Nd5 17. Ne2 b5 18. b3 c5 19. c4 bxc4 20. bxc4 Ne7 21. dxc5
Nxc5 22. Bc2 Nc6 23. Qg2 Rb8 24. Bc1 Rfd8 25. f4 Be7 26. h5 Rxd1 27. Rxd1 Rd8
28. Rxd8+ Bxd8 29. Be3 Qd6 30. Nc3 Bf6 31. Ne4 Nxe4 32. Qxe4 Bd4 33. Qxh7+ Kf8
34. Qe4 Qxa3 35. Bxd4 Qh3+ 36. Kg1 Qxg4+ 37. Kf1 Qh3+ 38. Ke1 Qh4+ 39. Bf2 1-0

[Event "3. Magistral Regina Helena Marques Prol"]
[Site "Santos BRA"]
[Date "2005.10.02"]
[Round "9.5"]
[White "El Debs, Felipe"]
[Black "Crosa, Martin"]
[Result "0-1"]
[WhiteElo "2341"]
[BlackElo "2415"]
[PlyCount "62"]
[EventDate "2005.09.26"]
[EventType "tourn"]
[EventRounds "9"]
[EventCountry "BRA"]
[EventCategory "4"]
[Source "lmi"]
[SourceDate "2005.10.02"]

1. e4 c5 2. Nf3 Nc6 3. d4 cxd4 4. Nxd4 Nf6 5. Nc3 e5 6. Ndb5 d6 7. Bg5 a6 8.
Na3 b5 9. Nd5 Be7 10. Bxf6 Bxf6 11. c3 Rb8 12. Nc2 O-O 13. h4 a5 14. a3 a4 15.
Bd3 Na5 16. Qe2 Bd7 17. Nce3 g6 18. g3 Bg7 19. h5 Nb3 20. Rd1 Nc5 21. Bb1 Qg5
22. Kd2 Nb3+ 23. Kc2 Rfc8 24. hxg6 hxg6 25. f4 Qxg3 26. Qg2 Qxg2+ 27. Nxg2 Rc4
28. Nde3 Rxe4 29. Rxd6 exf4 30. Rxd7 fxe3 31. Ba2 Rbe8 0-1